000 00675cam a2200229 a 4500
001 3786710
005 20180302033610.0
008 840530s1985 ctua b 001 0 eng c
010 _a 84012410
020 _a0838579566 :
_c$60.00
040 _aDNLM/DLC
_cDLC
_dDLC
041 _aeng
060 _aWQ 240 U47
080 _a618 SAN
082 0 0 _a618 SAN
_219
100 _a10
101 _aGJIN
245 0 4 _aThe Principles and practice of ultrasonography in obstetrics and gynecology /
_cedited by Roger C. Sanders, A. Everette James, Jr.
504 _aIncludes bibliographies and index.
906 _a7
_bcbc
_corignew
_d1
_eocip
_f19
_gy-gencatlg
942 _2ddc
_cBK
999 _c43922
_d43922